| 000 | 00341 a2200133 4500 | ||
|---|---|---|---|
| 082 | _a346.5491082 | ||
| 090 |
_c1166 _d1166 |
||
| 245 | _aLegal Notes on Banking Transactions | ||
| 250 | _a1st | ||
| 260 |
_aKarachi _bThe Institute of Bankers in Pakistan _c1994 |
||
| 300 | _a444p | ||
| 500 | _aHard cover | ||
| 942 |
_aNBS _cBK _k346.5491082 BAN |
||
| 999 |
_c343696 _d343696 |
||